Central Library OPAC University of Rajshahi

Polybius:the histories. (Record no. 24694)

MARC details
000 -LEADER
fixed length control field 01112cam a2200313 i 4500
001 - CONTROL NUMBER
control field 24694
003 - CONTROL NUMBER IDENTIFIER
rucl marc code BD-RjUL
005 - DATE AND TIME OF LATEST TRANSACTION
control field 20211209001103.0
008 - FIXED-LENGTH DATA ELEMENTS--GENERAL INFORMATION
fixed length control field 140315m19601922U b 001 0 eng
035 ## - SYSTEM CONTROL NUMBER
System control number (BD-RjUL)24763
040 ## - CATALOGING SOURCE
Original cataloging agency DLC
Language of cataloging eng
Transcribing agency DLC
Description conventions rda
Modifying agency BD-RjUL
041 1# - LANGUAGE CODE
Language code of text/sound track or separate title eng
-- grc
Language code of original grc
082 00 - DEWEY DECIMAL CLASSIFICATION NUMBER
Classification number 937
Edition number 23
Author mark and year POP 1960
100 0# - MAIN ENTRY--PERSONAL NAME
Personal name Polybius.
9 (RLIN) 76008
245 14 - TITLE STATEMENT
Title Polybius:the histories.
Statement of responsibility, etc. Polybius; with an English translation by W. R. Paton.
Number of part/section of a work V-1
260 ## - PUBLICATION, DISTRIBUTION, ETC. (IMPRINT)
Place of publication, distribution, etc. London :
Name of publisher, distributor, etc. William Heimenann ltd.;
Place of publication, distribution, etc. Cambridge, Mass. :
Name of publisher, distributor, etc. Harvard University Press,
Date of publication, distribution, etc. c1922
-- [Reprinting 1960]
300 ## - PHYSICAL DESCRIPTION
Pagination 425+8 p.;
Size 17 cm.
490 0# - SERIES STATEMENT
Series statement LOEB CLASSICAL LIBRARY
Volume/sequential designation 128
500 ## - GENERAL NOTE
General note "In Six Volumes"
504 ## - BIBLIOGRAPHY, ETC. NOTE
Bibliography, etc Includes bibliographical references and indexes.
650 #0 - SUBJECT ADDED ENTRY--TOPICAL TERM
Topical term or geographic name as entry element History, Ancient.
9 (RLIN) 76009
651 #0 - SUBJECT ADDED ENTRY--GEOGRAPHIC NAME
Geographic name Rome
General subdivision History
Chronological subdivision Republic, 510-30 B.C.
9 (RLIN) 74857
Geographic name Greece
General subdivision History
Chronological subdivision 146 B.C.-323 A.D.
9 (RLIN) 75105
Geographic name Greece
General subdivision History
Chronological subdivision To 146 B.C.
9 (RLIN) 75106
700 1# - ADDED ENTRY--PERSONAL NAME
Personal name Paton, W. R.
Fuller form of name (William Roger), tr.
Dates associated with a name 1857-1921.
942 ## - ADDED ENTRY ELEMENTS (KOHA)
Source of classification or shelving scheme Dewey Decimal Classification
Koha item type Books
Holdings
Lost status Source of classification or shelving scheme Damaged status Not for loan Collection code Permanent Location Current Location Shelving location Date acquired Source of acquisition Cost, normal purchase price Total Checkouts Full call number Date last seen Copy number Koha item type
  Dewey Decimal Classification   Not For Loan Non-fiction Central Library, University of Rajshahi Central Library, University of Rajshahi Reading Room 24/03/1966 Zeitlinger 25.00   937 POP V-1 1960 15/03/2014 C-1 Books